03137nam a22002657a 450000500170000000800410001702000180005804000290007604100080010504400080011308200160012124501230013726000650026030000360032550400530036150520870041465000430250165000570254465000510260165000650265265000350271765000490275270000190280170000510282020150121020002.0120423s2012 enkb b 001 0 eng  a9781849712347 aDLCcDLCdDLCdCo-BoIAVH aeng axxu00a333.7bJ54a00aAssessing and restoring natural resources in post-conflict peacebuilding /ceditado por David Jensen y Steve Lonergan. aMilton Park, Abingdon, Oxon ;aNew York :bEarthscan,c2012. axviii, 515 p. :bmaps ;c24 cm. aIncluye referencias bibliográficas e índice.0 aPuede que la consolidación de la paz tenga éxito sin la remediación ambiental y restauración de los recursos naturales? / David Jensen y Steve Lonergan - Evaluación del impacto del post-conflicto y evaluaciones ambientales del PNUMA / David Jensen - Mitigar los impactos ambientales de la asistencia post-conflicto: la evaluación de enfoque de USAID / Charles Kelly - Medio ambiente y construcción de la paz en las sociedades desgarradas por la guerra: lecciones de la experiencia del Programa Ambiental de las Naciones Unidas con el post-conflicto evaluación / Ken Conca y Jennifer Wallace - Evaluación ambiental como herramienta para la construcción de la paz y el desarrollo: lecciones iniciales de creación de capacidad en Sierra Leona / Oli Brown, Morgan Hauptfleisch, Haddijatou Jallow, y Peter Tarr - Desafíos y oportunidades para la integración de las herramientas de evaluación ambiental en el entorno post-conflicto / George Bouma - Médicos y la inteligencia ambiental en las operaciones de paz y gestión de crisis / Birgitta Liljedahl, Annica Waleij, Bjorn Sandstrom y Louise Simonsson - Pensar a fondo: la mejora de post-conflicto análisis a través de consultoría, adaptación al cambio, y la construcción de escenarios / Alexander Carius y Achim Maas - Evaluación de la asistencia post-conflicto / Suppiramaniam Nanthikesan y Juha I. Uitto - Consolidación de la Paz y la adaptación al cambio climático / Richard Mateo y Anne Hammill - Salazón de la tierra: los retos de salud ambiental en la reconstrucción post-conflicto / Chad Briggs e Inka Weissbecker - Rehabilitación de los lugares contaminados en los Balcanes, Irak y Sierra Leona / Muralee Thummarukudy, Oli Brown, y Hannah Moosa - Los riesgos de contaminación de uranio empobrecido en los países post-conflicto: conclusiones y lecciones aprendidas de las evaluaciones de campo UNEP / Mario Burger- Vinculación de desminado de consolidación de la paz después de los conflictos: un estudio de caso de Camboya / Nao Shimoyachi-Yuzawa. 0aPeace-buildingxEnvironmental aspects. 0aPeace-buildingxEnvironmental aspectsvCase studies. 0aPostwar reconstructionxEnvironmental aspects. 0aPostwar reconstructionxEnvironmental aspectsvCase studies. 0aNatural resourcesxManagement. 0aNatural resourcesxManagementvCase studies.1 aJensen, David.1 aLonergan, Stephen C.q(Stephen Colnon),d1950-